<?xml version="1.0" encoding="UTF-8"?>
<record
    xmlns:xsi="http://www.w3.org/2001/XMLSchema-instance"
    xsi:schemaLocation="http://www.loc.gov/MARC21/slim http://www.loc.gov/standards/marcxml/schema/MARC21slim.xsd"
    xmlns="http://www.loc.gov/MARC21/slim">

  <leader>02134nas a2200277Ia 4500</leader>
  <controlfield tag="001">R050-S1234</controlfield>
  <controlfield tag="003">IT-CnALBA</controlfield>
  <controlfield tag="008">170116c99999999xx ||||||||||||   ||und||</controlfield>
  <datafield tag="040" ind1=" " ind2=" ">
    <subfield code="a">IT-CnALBA</subfield>
    <subfield code="c">IT-CnALBA</subfield>
  </datafield>
  <datafield tag="041" ind1=" " ind2=" ">
    <subfield code="a">ITALIANO</subfield>
  </datafield>
  <datafield tag="100" ind1=" " ind2=" ">
    <subfield code="a">RICHER BENIAMINO</subfield>
  </datafield>
  <datafield tag="210" ind1=" " ind2=" ">
    <subfield code="a">LA CIVILT&#xC0; CATTOLICA</subfield>
  </datafield>
  <datafield tag="222" ind1=" " ind2=" ">
    <subfield code="a">LA CIVILT&#xC0; CATTOLICA</subfield>
  </datafield>
  <datafield tag="245" ind1=" " ind2="0">
    <subfield code="a">LA CIVILT&#xC0; CATTOLICA. ANNO III. VOL IX. 1852. </subfield>
    <subfield code="b">RIVISTA CULTURALE</subfield>
  </datafield>
  <datafield tag="250" ind1=" " ind2=" ">
    <subfield code="a">1a ed.</subfield>
  </datafield>
  <datafield tag="260" ind1=" " ind2=" ">
    <subfield code="a"> ROMA</subfield>
    <subfield code="b">LA CIVILT&#xC0; CATTOLICA EDIZIONI </subfield>
    <subfield code="c">1852 [1&#xB0; Ed.:1852 - Ed.Ling.Originale: 1852]</subfield>
  </datafield>
  <datafield tag="300" ind1=" " ind2=" ">
    <subfield code="a">720 p. </subfield>
  </datafield>
  <datafield tag="310" ind1=" " ind2=" ">
    <subfield code="a">QUINDICINALE</subfield>
  </datafield>
  <datafield tag="362" ind1=" " ind2=" ">
    <subfield code="a">Fascicolo: 9 / Anno: 3 (1852)</subfield>
  </datafield>
  <datafield tag="500" ind1=" " ind2=" ">
    <subfield code="a">PERICOLI DI FIDUCIA. LE SOCIET&#xC0; SEGRETE. LIONELLO. SONNAMBULISMO NEGROMANTICO. LA FORZA ARMATA NELLE COSTITUZIONI MODERNE. LA MILIZIA CITTADINA. CRITICA RINNOVAMENTO CIVILE D'ITALIA. IL PIEMONTE PRIMA DEL QUARANTOTTO. PROVINCE CON LO STATUTO E SOTTO L'ASSOLUTISMO. S. LUIGI E LA FRANCIA. IN EGITTO. IL MATRIMONIO CONTRATTO CIVILE. CONSEGUENZE DEL MATRIMONIO CIVILE IN UN GOVERNO NON INVASORE. I POTERE GIUDIZIARIO NELLE MODERNE COSTITUZIONI. IL GIAPPONE. RISPOSTA A LETTERA DI GIOVANI LOMBARDI. LA LIBERT&#xC0; RELIGIOSA IN PIEMONTE. IL DENUNCIATOLRE E LA SPIA. RIVISTA STAMPA ITALIANA. CRONACHE. SVIZZARE. INGHILTERRA. GERMANIA. FRANCIA. </subfield>
  </datafield>
  <datafield tag="501" ind1=" " ind2=" ">
    <subfield code="a">Societ&#xE0; San Paolo EM - Piazza San Paolo, 14 - 12051 ALBA (CN)  (non commercial uses only) &#xAE; Copyright 2017</subfield>
  </datafield>
  <datafield tag="520" ind1=" " ind2=" ">
    <subfield code="a">PERICOLI DI FIDUCIA. LE SOCIET&#xC0; SEGRETE. LIONELLO. SONNAMBULISMO NEGROMANTICO. LA FORZA ARMATA NELLE COSTITUZIONI MODERNE. LA MILIZIA CITTADINA. CRITICA RINNOVAMENTO CIVILE D'ITALIA. IL PIEMONTE PRIMA DEL QUARANTOTTO. PROVINCE CON LO STATUTO E SOTTO L'ASSOLUTISMO. S. LUIGI E LA FRANCIA. IN EGITTO. IL MATRIMONIO CONTRATTO CIVILE. CONSEGUENZE DEL MATRIMONIO CIVILE IN UN GOVERNO NON INVASORE. I POTERE GIUDIZIARIO NELLE MODERNE COSTITUZIONI. IL GIAPPONE. RISPOSTA A LETTERA DI GIOVANI LOMBARDI. LA LIBERT&#xC0; RELIGIOSA IN PIEMONTE. IL DENUNCIATOLRE E LA SPIA. RIVISTA STAMPA ITALIANA. CRONACHE. SVIZZARE. INGHILTERRA. GERMANIA. FRANCIA. </subfield>
  </datafield>
  <datafield tag="650" ind1=" " ind2=" ">
    <subfield code="a">RIVISTA CULTURALE</subfield>
  </datafield>
  <datafield tag="942" ind1=" " ind2=" ">
    <subfield code="c">CR</subfield>
  </datafield>
  <datafield tag="957" ind1=" " ind2=" ">
    <subfield code="7">1</subfield>
  </datafield>
  <datafield tag="999" ind1=" " ind2=" ">
    <subfield code="a">62800</subfield>
    <subfield code="b">SI </subfield>
    <subfield code="g">1</subfield>
    <subfield code="c">329826</subfield>
    <subfield code="d">329826</subfield>
  </datafield>
  <datafield tag="952" ind1=" " ind2=" ">
    <subfield code="0">0</subfield>
    <subfield code="1">0</subfield>
    <subfield code="4">0</subfield>
    <subfield code="6">R_050S1234</subfield>
    <subfield code="7">1</subfield>
    <subfield code="a">ALBA</subfield>
    <subfield code="b">ALBA</subfield>
    <subfield code="d">2017-01-16</subfield>
    <subfield code="l">0</subfield>
    <subfield code="o">R050-S1234</subfield>
    <subfield code="r">2017-01-16 00:00:00</subfield>
    <subfield code="w">2017-01-16</subfield>
    <subfield code="y">CR</subfield>
    <subfield code="z">(data import: 16 gennaio 2017) - By Epidotti, Vaglietti. </subfield>
  </datafield>
</record>
